O desafio da empresa sustentável (Registo nº 197516)

Detalhes MARC
000 -Etiqueta do registo
Valores 00570nam 22001933 4500
010 ## - Número ISBN
ISBN 1874719179
021 ## - Número do Depósito Legal
Número 195893/03
100 ## - Dados gerais de processamento
Dados gerais 20250808d u||y0pory50 ba
200 ## - Titulo e menção de responsabilidade
Título próprio O desafio da empresa sustentável
Informação de outro título recomendações para os empresários do futuro
Primeira menção de responsabilidade Jan-Olaf Willums
210 ## - Publicação
Local de publicação Porto
Nome do editor FirstMedia
Data de publicação 2003
215 ## - Descrição física 
Paginação / Volumes 174 p.
Outras indicações físicas brochado
Dimensões 25 cm
606 ## - Nome comum usado como assunto
ID Autoridade 1108
Palavra de ordem Gestão empresarial
675 ## - CDU
Notação 658
Edição PT
Língua por
700 ## - Autor principal (pessoa individual)
ID Autoridade 13572
Apelido Willums
Nome Jan-Olaf
801 ## - Fonte de origem
País PT
Agência BMMN
Regras de catalogação RPC
830 ## - Notas gerais do catalogador
Criado por Fernando
Indexado por Fernando
990 ## - Elementos KOHA
Tipo de documento Livro
Exemplares
Situação do levantamento Biblioteca de origem Código de barras Cota Permissão de empréstimo Tipo de documento Forma de aquisição
  Biblioteca Municipal de Montemor-o-Novo 25628 658 WIL|LG   Livro Compra

Powered by Koha